[Event "Open Parla 2008"]
[Site "Parla ESP"]
[Date "2008.09.06"]
[Round "1.1"]
[White "Epishin, Vladimir"]
[Black "Perez Cameselle, Francisco"]
[Result "1-0"]
[WhiteElo "2574"]
[BlackElo "2017"]
[PlyCount "29"]
[EventDate "2008.09.06"]
[EventType "swiss"]
[EventRounds "9"]
[EventCountry "AUT"]
[Source "lmi"]
[SourceDate "2008.09.06"]

1. d4 Nf6 2. Nf3 g6 3. g3 Bg7 4. Bg2 d6 5. O-O O-O 6. a4 c5 7. dxc5 dxc5 8. a5
a6 9. Nc3 Nc6 10. Be3 Qxd1 11. Rfxd1 Nd7 12. Ne1 Nd4 13. Nd5 Nf5 14. Bh3 Nxe3
15. fxe3 1-0

[Event "Open Parla 2008"]
[Site "Parla ESP"]
[Date "2008.09.06"]
[Round "1.2"]
[White "Tejedor Ariza, Francisco"]
[Black "Fier, Alexandr"]
[Result "1/2-1/2"]
[WhiteElo "2010"]
[BlackElo "2558"]
[PlyCount "44"]
[EventDate "2008.09.06"]
[EventType "swiss"]
[EventRounds "9"]
[EventCountry "AUT"]
[Source "lmi"]
[SourceDate "2008.09.06"]

1. e4 c5 2. Nf3 d6 3. d4 cxd4 4. Nxd4 Nf6 5. Bd3 Nc6 6. Nxc6 bxc6 7. O-O e5 8.
Nd2 Be7 9. b3 O-O 10. Bb2 Be6 11. Kh1 Nd7 12. Qe2 f5 13. f4 fxe4 14. Qxe4 Nf6
15. Qxc6 Rc8 16. Qa6 exf4 17. Rxf4 Rc5 18. Qxa7 Ng4 19. Rxf8+ Bxf8 20. Rf1 Ne3
21. Rf3 Nxc2 22. Ne4 Ne1 1/2-1/2

[Event "Open Parla 2008"]
[Site "Parla ESP"]
[Date "2008.09.06"]
[Round "1.3"]
[White "Herraiz Hidalgo, Herminio"]
[Black "Burlacu, Laurentiu"]
[Result "1-0"]
[WhiteElo "2507"]
[BlackElo "2009"]
[PlyCount "55"]
[EventDate "2008.09.06"]
[EventType "swiss"]
[EventRounds "9"]
[EventCountry "AUT"]
[Source "lmi"]
[SourceDate "2008.09.06"]

1. d4 e6 2. c4 c5 3. d5 exd5 4. cxd5 d6 5. Nf3 g6 6. e4 Bg7 7. h3 Nf6 8. Bd3 a6
9. a4 O-O 10. O-O Re8 11. Re1 Nbd7 12. Nbd2 Ne5 13. Nxe5 Rxe5 14. Nc4 Re8 15.
Bf4 Bf8 16. a5 Nh5 17. Bh2 Qg5 18. Qf3 Rd8 19. e5 dxe5 20. Nb6 Bd6 21. Nxa8 f5
22. Bxe5 Bxe5 23. Rxe5 Nf4 24. Nb6 Bd7 25. Nxd7 Rxd7 26. Rae1 Kg7 27. Bf1 h5
28. g3 1-0

[Event "Open Parla 2008"]
[Site "Parla ESP"]
[Date "2008.09.06"]
[Round "1.4"]
[White "Rodrigo Yanguas, Maria"]
[Black "Mekhitarian, Krikor Sevag"]
[Result "0-1"]
[WhiteElo "1999"]
[BlackElo "2504"]
[PlyCount "106"]
[EventDate "2008.09.06"]
[EventType "swiss"]
[EventRounds "9"]
[EventCountry "AUT"]
[Source "lmi"]
[SourceDate "2008.09.06"]

1. e4 c5 2. Nf3 Nc6 3. d4 cxd4 4. Nxd4 Qb6 5. Nb3 Nf6 6. Nc3 e6 7. Be2 Bb4 8.
O-O O-O 9. Be3 Qc7 10. Nb5 Qb8 11. c3 Be7 12. Qc2 d6 13. f4 a6 14. N5d4 Bd7 15.
Bd3 Qc7 16. Rae1 e5 17. Nf3 exf4 18. Bxf4 Ne5 19. Nbd4 g6 20. Bg5 Qd8 21. Bh6
Re8 22. Qd2 Rc8 23. Bc2 Nc4 24. Qe2 Ng4 25. Bc1 b5 26. h3 Nge5 27. Qf2 Be6 28.
b3 Nxf3+ 29. Nxf3 Ne5 30. Bf4 Rxc3 31. Nd4 Qc8 32. Rd1 Bf8 33. Kh1 Bg7 34. Bb1
Re7 35. Bd2 Rcc7 36. Ba5 Rcd7 37. Rc1 Qa8 38. Rc3 Re8 39. Rfc1 h5 40. Qd2 Kh7
41. Qf2 Bh6 42. Rd1 Rc8 43. Rxc8 Qxc8 44. Bb4 Qd8 45. Nxe6 fxe6 46. Qd4 Nc6 47.
Qc3 Nxb4 48. Qxb4 Bf4 49. Qe1 Qg5 50. Rd3 Be5 51. Rf3 Rc7 52. h4 Rc1 53. Rf7+
Kg8 0-1

[Event "Open Parla 2008"]
[Site "Parla ESP"]
[Date "2008.09.06"]
[Round "1.5"]
[White "Starostits, Ilmar"]
[Black "Fernandez Garcia, Ignacio"]
[Result "1-0"]
[WhiteElo "2497"]
[BlackElo "1988"]
[PlyCount "79"]
[EventDate "2008.09.06"]
[EventType "swiss"]
[EventRounds "9"]
[EventCountry "AUT"]
[Source "lmi"]
[SourceDate "2008.09.06"]

1. e4 g6 2. d4 Bg7 3. Nc3 d6 4. f4 c6 5. Nf3 b5 6. Bd3 a6 7. Be3 Nf6 8. h3 Bb7
9. Qd2 Nbd7 10. e5 dxe5 11. fxe5 Nd5 12. Nxd5 cxd5 13. O-O e6 14. Bh6 Bxh6 15.
Qxh6 Qb6 16. c3 O-O-O 17. a4 Bc6 18. b3 f6 19. axb5 axb5 20. Qe3 fxe5 21. Nxe5
Nxe5 22. Qxe5 Rhe8 23. b4 Rd7 24. Ra5 Ra7 25. Rfa1 Rxa5 26. Rxa5 Kd7 27. Kh1
Re7 28. Qe2 Re8 29. Bxb5 Bxb5 30. Rxb5 Qa7 31. Ra5 Qb6 32. Qe5 Qc7 33. Qf6 Qb8
34. Ra6 Qc7 35. b5 Qb7 36. c4 dxc4 37. d5 Qxd5 38. Qf7+ Kd8 39. Qf4 Kc8 40.
Rc6+ 1-0

[Event "Open Parla 2008"]
[Site "Parla ESP"]
[Date "2008.09.06"]
[Round "1.6"]
[White "Tirado Parra, Alberto"]
[Black "Vera Gonzalez-Quevedo, Reynaldo"]
[Result "0-1"]
[WhiteElo "1983"]
[BlackElo "2493"]
[PlyCount "68"]
[EventDate "2008.09.06"]
[EventType "swiss"]
[EventRounds "9"]
[EventCountry "AUT"]
[Source "lmi"]
[SourceDate "2008.09.06"]

1. e4 c5 2. Nf3 d6 3. d4 cxd4 4. Nxd4 Nf6 5. Nc3 a6 6. f4 e6 7. Be3 b5 8. a3
Bb7 9. Bd3 Nbd7 10. Qe2 Be7 11. O-O O-O 12. Nb3 Rc8 13. Kh1 Re8 14. Bg1 e5 15.
Rad1 Bf8 16. fxe5 Nxe5 17. Nd4 Nc4 18. Bxc4 Rxc4 19. Rf4 d5 20. Qf1 Bd6 21. Rf5
dxe4 22. Ndxb5 axb5 23. Nxb5 Rc6 24. Bc5 Rxc5 25. Rxc5 Bxc5 26. Rxd8 Rxd8 27.
Nc3 Rd2 28. Qf4 Rxc2 29. h3 Rxb2 30. Qb8+ Bf8 31. Na4 Rb1+ 32. Kh2 e3 33. Nc5
Be4 34. Qe5 e2 0-1

[Event "Open Parla 2008"]
[Site "Parla ESP"]
[Date "2008.09.06"]
[Round "1.7"]
[White "Almagro Llanas, Pablo"]
[Black "Vazquez Torres, Adrian"]
[Result "1-0"]
[WhiteElo "2492"]
[BlackElo "1981"]
[PlyCount "79"]
[EventDate "2008.09.06"]
[EventType "swiss"]
[EventRounds "9"]
[EventCountry "AUT"]
[Source "lmi"]
[SourceDate "2008.09.06"]

1. e4 c5 2. Nf3 d6 3. d4 cxd4 4. Nxd4 Nf6 5. Nc3 a6 6. Bc4 e6 7. O-O Be7 8. a4
O-O 9. Qe2 Nbd7 10. Kh1 Nc5 11. Ba2 Qc7 12. f4 b6 13. f5 e5 14. Nb3 Bb7 15.
Nxc5 dxc5 16. Bg5 Rad8 17. Bxf6 Bxf6 18. Bd5 Rd6 19. Rad1 Rfd8 20. Qc4 Qd7 21.
Rd3 b5 22. axb5 Bxd5 23. Nxd5 Qxb5 24. Qxb5 axb5 25. Rfd1 Bg5 26. Nf6+ gxf6 27.
Rxd6 Rxd6 28. Rxd6 Kg7 29. Kg1 Bc1 30. b3 Bb2 31. Rb6 b4 32. Kf1 Bd4 33. Ke2 h5
34. Rc6 h4 35. Kf3 Bg1 36. h3 Bd4 37. Kg4 Bf2 38. Kh5 Kf8 39. Rxf6 Ke7 40. Ra6
1-0

[Event "Open Parla 2008"]
[Site "Parla ESP"]
[Date "2008.09.06"]
[Round "1.8"]
[White "Baeza Escudero, Javier"]
[Black "Di Berardino, Diego Rafael"]
[Result "0-1"]
[WhiteElo "1971"]
[BlackElo "2471"]
[PlyCount "84"]
[EventDate "2008.09.06"]
[EventType "swiss"]
[EventRounds "9"]
[EventCountry "AUT"]
[Source "lmi"]
[SourceDate "2008.09.06"]

1. e4 c5 2. Nf3 d6 3. d4 cxd4 4. Nxd4 Nf6 5. Nc3 a6 6. Be3 e5 7. Nb3 Be6 8. Qd2
Be7 9. f3 O-O 10. O-O-O Nbd7 11. g4 b5 12. Qf2 b4 13. Nd5 Bxd5 14. exd5 a5 15.
Kb1 a4 16. Nc1 Ra5 17. Bc4 Qa8 18. Qd2 Rb8 19. h4 Nb6 20. Bxb6 Rxb6 21. g5 Nh5
22. Qe3 Rb8 23. Ne2 Rc8 24. Qe4 Bf8 25. Rhg1 g6 26. Ng3 Nf4 27. h5 Rac5 28. b3
Bg7 29. hxg6 hxg6 30. Nh1 Qa7 31. Rgf1 Ra5 32. Rd2 Ra8 33. Rff2 Qe7 34. bxa4
Qxg5 35. Rd1 f5 36. Qe1 Qf6 37. Rfd2 Rxa4 38. Bb3 Ra3 39. Qe3 Qd8 40. c4 bxc3
41. Rc2 e4 42. fxe4 Rxb3+ 0-1

[Event "Open Parla 2008"]
[Site "Parla ESP"]
[Date "2008.09.06"]
[Round "1.9"]
[White "Moreno Ruiz, Javier"]
[Black "Sanchez Rodriguez, Jaime"]
[Result "1-0"]
[WhiteElo "2470"]
[BlackElo "1963"]
[PlyCount "83"]
[EventDate "2008.09.06"]
[EventType "swiss"]
[EventRounds "9"]
[EventCountry "AUT"]
[Source "lmi"]
[SourceDate "2008.09.06"]

1. d4 d5 2. c4 e6 3. Nf3 f5 4. g3 Nf6 5. Bg2 c6 6. O-O Bd6 7. Qc2 O-O 8. Nc3
Ne4 9. Rb1 Nd7 10. b4 Ndf6 11. b5 Qe8 12. Bf4 Bxf4 13. gxf4 Nd6 14. Ne5 Ng4 15.
bxc6 bxc6 16. cxd5 cxd5 17. Rfc1 Kh8 18. Qa4 Qxa4 19. Nxa4 Nxe5 20. fxe5 Ne4
21. f3 Nd2 22. Rb2 Nc4 23. Rxc4 dxc4 24. f4 Bd7 25. Nc5 Rab8 26. Rc2 Bc8 27.
Kf2 h6 28. h4 g5 29. fxg5 hxg5 30. hxg5 Rg8 31. Rxc4 Rxg5 32. Bf3 Rg7 33. Ra4
Re7 34. a3 Kg7 35. Ra5 Kh6 36. Nd3 Bb7 37. Rb5 Bxf3 38. Rxb8 Bd5 39. Nf4 Be4
40. Rg8 Kh7 41. Rg6 Bd5 42. Nxd5 1-0

[Event "Open Parla 2008"]
[Site "Parla ESP"]
[Date "2008.09.06"]
[Round "1.10"]
[White "Ramirez Bulnes, Joaquin"]
[Black "Roa Alonso, Santiago"]
[Result "0-1"]
[WhiteElo "1954"]
[BlackElo "2465"]
[PlyCount "92"]
[EventDate "2008.09.06"]
[EventType "swiss"]
[EventRounds "9"]
[EventCountry "AUT"]
[Source "lmi"]
[SourceDate "2008.09.06"]

1. c4 c5 2. Nc3 Nf6 3. g3 g6 4. Bg2 Bg7 5. Nf3 O-O 6. O-O Nc6 7. e3 d6 8. h3
Bf5 9. d4 Ne4 10. Ne2 Bd7 11. Rb1 a6 12. Kh2 b5 13. Nfg1 Nf6 14. dxc5 dxc5 15.
cxb5 axb5 16. Qc2 Qb6 17. a3 Ra4 18. Nc3 Rc4 19. g4 b4 20. Qe2 Rxg4 21. hxg4
Nxg4+ 22. Kh1 bxc3 23. Bh3 Nce5 24. f3 Bb5 25. bxc3 Bxe2 26. Rxb6 Bxf1 27. Bxf1
Nf2+ 28. Kg2 Nfd3 29. Bd2 Nc4 30. Rb7 Rd8 31. Bc1 Nd6 32. Rb1 Nxc1 33. Rxc1 Ra8
34. Rb1 Bxc3 35. Rb3 Bd2 36. Rd3 Bc1 37. e4 Bxa3 38. Ne2 Bb2 39. Rd5 c4 40. Nd4
Ra2 41. Kh3 Bxd4 42. Rxd4 c3 43. Rd1 Rd2 44. Rc1 c2 45. e5 Nf5 46. e6 Ne3 0-1

[Event "Open Parla 2008"]
[Site "Parla ESP"]
[Date "2008.09.06"]
[Round "1.14"]
[White "Camarero Izquierdo, Juan Carlos"]
[Black "Cabrera Trujillo, Jorge"]
[Result "0-1"]
[WhiteElo "1928"]
[BlackElo "2423"]
[PlyCount "66"]
[EventDate "2008.09.06"]
[EventType "swiss"]
[EventRounds "9"]
[EventCountry "AUT"]
[Source "lmi"]
[SourceDate "2008.09.06"]

1. e4 c5 2. Nf3 d6 3. d4 cxd4 4. Nxd4 Nf6 5. Nc3 a6 6. Bg5 e6 7. f3 Be7 8. Qd2
e5 9. Nb3 Be6 10. h4 h6 11. Be3 d5 12. exd5 Nxd5 13. Nxd5 Qxd5 14. Bd3 Nc6 15.
O-O-O Nb4 16. Qf2 Nxa2+ 17. Kb1 Nb4 18. Qg3 O-O-O 19. Bb6 Rd7 20. Qxg7 Re8 21.
Qxh6 Qc6 22. Ba5 Nxd3 23. Rxd3 Rxd3 24. cxd3 Qb5 25. Rc1+ Kb8 26. Bc7+ Ka8 27.
Na5 Qxd3+ 28. Ka1 Qd4 29. Nc4 Bxc4 30. Bxe5 Qd5 31. Bc3 Qb5 32. Re1 Qa4+ 33.
Kb1 Bd3+ 0-1

[Event "Open Parla 2008"]
[Site "Parla ESP"]
[Date "2008.09.06"]
[Round "1.15"]
[White "Martinez Martin, David"]
[Black "Fernandez Garcia, Javier"]
[Result "1-0"]
[WhiteElo "2415"]
[BlackElo "1924"]
[PlyCount "55"]
[EventDate "2008.09.06"]
[EventType "swiss"]
[EventRounds "9"]
[EventCountry "AUT"]
[Source "lmi"]
[SourceDate "2008.09.06"]

1. d4 e6 2. Nf3 d5 3. c4 c6 4. e3 Nf6 5. Nbd2 Nbd7 6. Bd3 Bd6 7. O-O e5 8. cxd5
Nxd5 9. Nc4 Qe7 10. Nxd6+ Qxd6 11. b3 O-O 12. Bb2 exd4 13. Bxd4 N5f6 14. Bxa7
Qe7 15. Bd4 Nc5 16. Bxc5 Qxc5 17. Nd4 Re8 18. Qf3 Bg4 19. Qg3 Qc3 20. Bc4 b5
21. Rac1 Qb2 22. Rc2 Qa3 23. Bd3 Red8 24. Rxc6 Be6 25. Nxe6 fxe6 26. Bxb5 Qxa2
27. Rc7 g6 28. Qe5 1-0

[Event "Open Parla 2008"]
[Site "Parla ESP"]
[Date "2008.09.06"]
[Round "1.17"]
[White "Ortiz Suarez, Isam"]
[Black "Avendano Mateos, Jose"]
[Result "1-0"]
[WhiteElo "2392"]
[BlackElo "1909"]
[PlyCount "26"]
[EventDate "2008.09.06"]
[EventType "swiss"]
[EventRounds "9"]
[EventCountry "AUT"]
[Source "lmi"]
[SourceDate "2008.09.06"]

1. e4 c6 2. d4 d5 3. Nc3 dxe4 4. Nxe4 Nd7 5. Ng5 e6 6. Bd3 Ngf6 7. N1f3 h6 8.
Nxe6 fxe6 9. Bg6+ Ke7 10. O-O Qa5 11. Qe2 Nb8 12. Ne5 b5 13. Re1 Nfd7 1-0

[Event "Open Parla 2008"]
[Site "Parla ESP"]
[Date "2008.09.06"]
[Round "1.18"]
[White "Prada Valderrey, Julian"]
[Black "Serrano Salvador, Eduardo"]
[Result "0-1"]
[WhiteElo "1905"]
[BlackElo "2341"]
[PlyCount "80"]
[EventDate "2008.09.06"]
[EventType "swiss"]
[EventRounds "9"]
[EventCountry "AUT"]
[Source "lmi"]
[SourceDate "2008.09.06"]

1. e4 c5 2. Nf3 e6 3. d4 cxd4 4. Nxd4 Nc6 5. Be2 Qc7 6. c3 Nf6 7. Qd3 d5 8.
Nxc6 dxe4 9. Qd8+ Qxd8 10. Nxd8 Kxd8 11. Bg5 Bd7 12. Nd2 Bc6 13. O-O-O Ke8 14.
Rhf1 Be7 15. g3 h6 16. Bxf6 Bxf6 17. Nb3 a5 18. Nd4 Bxd4 19. Rxd4 Rd8 20. Rxd8+
Kxd8 21. b4 axb4 22. cxb4 Kc7 23. Rd1 Ra8 24. Kb2 Bd5 25. a3 f5 26. h4 g6 27.
Ra1 Rf8 28. Rf1 f4 29. Kc3 Kd6 30. a4 e3 31. gxf4 Rxf4 32. fxe3 Rxh4 33. a5 Rh3
34. Kd2 Rh2 35. Ke1 Rxe2+ 36. Kxe2 Bc4+ 37. Kf2 Bxf1 38. Kxf1 Kc6 39. Kf2 h5
40. Kf3 g5 0-1

[Event "Open Parla 2008"]
[Site "Parla ESP"]
[Date "2008.09.06"]
[Round "1.19"]
[White "Arribas Lopez, Angel"]
[Black "Ruiz Quevedo, Andres"]
[Result "1-0"]
[WhiteElo "2332"]
[BlackElo "1900"]
[PlyCount "89"]
[EventDate "2008.09.06"]
[EventType "swiss"]
[EventRounds "9"]
[EventCountry "AUT"]
[Source "lmi"]
[SourceDate "2008.09.06"]

1. e4 e5 2. Nf3 Nf6 3. d4 d6 4. Nc3 Nbd7 5. Bc4 Be7 6. dxe5 Nxe5 7. Nxe5 dxe5
8. Qe2 c6 9. a4 O-O 10. O-O Nd7 11. Qh5 Bf6 12. b3 Nb6 13. Be2 Be6 14. Rd1 Nd7
15. Bg4 Re8 16. Ba3 Qc8 17. Bxe6 Rxe6 18. Rd3 Be7 19. Bxe7 Rxe7 20. Rad1 Nf8
21. R1d2 Qc7 22. Rd6 Rae8 23. g3 Qa5 24. Nd1 Ne6 25. c3 Nf8 26. R6d3 Qb6 27. b4
a5 28. Rb2 axb4 29. cxb4 Rd8 30. Rxd8 Qxd8 31. Qe2 Rd7 32. Ne3 g6 33. Nc4 f6
34. b5 Ne6 35. bxc6 bxc6 36. Kg2 Nd4 37. Qe3 Ra7 38. a5 Qc7 39. Qa3 Qf7 40. Qc5
Kg7 41. Nd6 Qe7 42. a6 Kh6 43. Rb7 Rxb7 44. axb7 Qc7 45. Qa7 1-0

[Event "Open Parla 2008"]
[Site "Parla ESP"]
[Date "2008.09.06"]
[Round "1.20"]
[White "Fernandez Fernandez, Jose Antonio"]
[Black "Ballesteros Gonzalez, David"]
[Result "0-1"]
[WhiteElo "1897"]
[BlackElo "2285"]
[PlyCount "56"]
[EventDate "2008.09.06"]
[EventType "swiss"]
[EventRounds "9"]
[EventCountry "AUT"]
[Source "lmi"]
[SourceDate "2008.09.06"]

1. e4 c5 2. Nf3 d6 3. d4 cxd4 4. Nxd4 Nf6 5. Nc3 g6 6. Be3 Bg7 7. Be2 O-O 8.
Qd2 Nc6 9. O-O-O Ng4 10. Bxg4 Bxg4 11. f3 Bd7 12. h4 Ne5 13. Qe2 h6 14. h5 g5
15. Nf5 Bxf5 16. exf5 Rc8 17. Nd5 e6 18. f6 Bxf6 19. Nxf6+ Qxf6 20. Rxd6 Nc4
21. Rd4 b5 22. c3 e5 23. Rd5 Qa6 24. b3 Nxe3 25. Qxe3 Qxa2 26. Rxe5 Qxb3 27.
Kd2 Rfd8+ 28. Ke2 Qc2+ 0-1

[Event "Open Parla 2008"]
[Site "Parla ESP"]
[Date "2008.09.06"]
[Round "1.22"]
[White "Nieto de la Cruz, Julio"]
[Black "Perez Gonzalez, Jose Manuel"]
[Result "0-1"]
[WhiteElo "1888"]
[BlackElo "2255"]
[PlyCount "129"]
[EventDate "2008.09.06"]
[EventType "swiss"]
[EventRounds "9"]
[EventCountry "AUT"]
[Source "lmi"]
[SourceDate "2008.09.06"]

1. d4 Nf6 2. c4 c5 3. d5 b5 4. Nd2 bxc4 5. e4 c3 6. bxc3 g6 7. Ngf3 Bg7 8. Bd3
O-O 9. O-O d6 10. Nc4 Ba6 11. Qc2 Nxe4 12. Bxe4 Bxc4 13. Re1 Nd7 14. Nd2 Ba6
15. f4 Qa5 16. Bb2 Rab8 17. Rab1 Qxa2 18. h4 Rb6 19. h5 Rfb8 20. Bxg6 hxg6 21.
hxg6 Rxb2 22. gxf7+ Kxf7 23. Qe4 Nf6 24. Qe6+ Kf8 25. Qxe7+ Kg8 26. Rxb2 Qxb2
27. Qe6+ Kh8 28. Re3 Nh7 29. Rh3 Qb7 30. Qg6 Bxc3 31. Rxc3 Qg7 32. Qxd6 Rg8 33.
Qe5 c4 34. Nxc4 Rc8 35. Qxg7+ Kxg7 36. Rg3+ Kf6 37. Ne5 Nf8 38. Ra3 Bb7 39.
Rxa7 Bxd5 40. Nd7+ Nxd7 41. Rxd7 Rc1+ 42. Kh2 Bc6 43. Rd2 Kf5 44. Rf2 Be4 45.
Kh3 Rh1+ 46. Kg3 Rh8 47. Rb2 Rg8+ 48. Kh2 Kxf4 49. Rf2+ Kg4 50. Re2 Rh8+ 51.
Kg1 Kf4 52. Kf2 Rg8 53. Kg1 Rg5 54. Kh2 Bd3 55. Rf2+ Ke3 56. Rf3+ Ke2 57. Rg3
Rc5 58. Rg7 Be4 59. Rg4 Kf2 60. Rf4+ Ke3 61. Rg4 Rf5 62. Rg3+ Kf2 63. Ra3 Rh5+
64. Rh3 Rg5 65. Ra3 0-1

[Event "Open Parla 2008"]
[Site "Parla ESP"]
[Date "2008.09.06"]
[Round "1.23"]
[White "Rodriguez Yuste, Marcelo"]
[Black "Tsebrovskyy, Roman"]
[Result "1-0"]
[WhiteElo "2243"]
[BlackElo "1863"]
[PlyCount "41"]
[EventDate "2008.09.06"]
[EventType "swiss"]
[EventRounds "9"]
[EventCountry "AUT"]
[Source "lmi"]
[SourceDate "2008.09.06"]

1. e4 e5 2. Nf3 Nc6 3. Bb5 a6 4. Ba4 d6 5. d4 b5 6. Bb3 exd4 7. a4 b4 8. Bd5
Bd7 9. Nxd4 Nge7 10. O-O Rb8 11. b3 Nxd4 12. Qxd4 c5 13. Qe3 f6 14. Bc4 a5 15.
Bb2 Qc8 16. Nd2 Be6 17. Rad1 Nc6 18. Qg3 Ne5 19. Bxe6 Qxe6 20. f4 Nc6 21. Nc4
1-0

[Event "Open Parla 2008"]
[Site "Parla ESP"]
[Date "2008.09.06"]
[Round "1.26"]
[White "Callejo Hernanz, Jesus Maria"]
[Black "Estrada Martinez, Cesar"]
[Result "0-1"]
[WhiteElo "1852"]
[BlackElo "2225"]
[PlyCount "68"]
[EventDate "2008.09.06"]
[EventType "swiss"]
[EventRounds "9"]
[EventCountry "AUT"]
[Source "lmi"]
[SourceDate "2008.09.06"]

1. d4 Nf6 2. c4 c5 3. e3 g6 4. Nc3 Bg7 5. Nf3 O-O 6. Be2 cxd4 7. exd4 d5 8. O-O
Nc6 9. Re1 Bg4 10. Ne5 Bxe2 11. Rxe2 dxc4 12. Bf4 Qxd4 13. Nxc6 Qxf4 14. Nxe7+
Kh8 15. Rd2 Ng4 16. g3 Qg5 17. Rd7 h5 18. Ne4 Qe5 19. Nc3 Rae8 20. Ned5 Qf5 21.
Nf4 Bh6 22. Rd5 Ne5 23. Nce2 Qe4 24. Kf1 Qh1+ 25. Ng1 Bxf4 26. gxf4 Ng4 27.
Qd4+ Kg8 28. Re5 Nxe5 29. fxe5 Qxh2 30. Re1 Re6 31. Qxc4 Rxe5 32. Rd1 Rg5 33.
Nf3 Qh3+ 34. Ke2 Re8+ 0-1

[Event "Open Parla 2008"]
[Site "Parla ESP"]
[Date "2008.09.06"]
[Round "1.28"]
[White "Constantino Blazquez, Christian"]
[Black "Solaesa Navalpotro, Luis Julio"]
[Result "0-1"]
[WhiteElo "1848"]
[BlackElo "2216"]
[PlyCount "56"]
[EventDate "2008.09.06"]
[EventType "swiss"]
[EventRounds "9"]
[EventCountry "AUT"]
[Source "lmi"]
[SourceDate "2008.09.06"]

1. e4 e5 2. Nf3 Nc6 3. d4 exd4 4. Nxd4 Bc5 5. c3 Qf6 6. Be3 Nge7 7. Bc4 Ne5 8.
Be2 Qg6 9. Bf3 Bb6 10. Nd2 O-O 11. O-O Nxf3+ 12. Qxf3 d5 13. e5 c5 14. Nb5 Bg4
15. Qf4 Be2 16. Nd6 Bxf1 17. Rxf1 Nc6 18. Nb3 c4 19. Nc5 Bxc5 20. Bxc5 b6 21.
Be3 Qe6 22. Bd4 f6 23. Nb5 fxe5 24. Qd2 exd4 25. Nc7 Qh6 26. Qxh6 gxh6 27. Nxa8
Rxa8 28. cxd4 Re8 0-1

[Event "Open Parla 2008"]
[Site "Parla ESP"]
[Date "2008.09.06"]
[Round "1.29"]
[White "Adan Bermudez, Sergio"]
[Black "Garcia-Ines Sanchez, Gustavo"]
[Result "1-0"]
[WhiteElo "2205"]
[BlackElo "1845"]
[PlyCount "99"]
[EventDate "2008.09.06"]
[EventType "swiss"]
[EventRounds "9"]
[EventCountry "AUT"]
[Source "lmi"]
[SourceDate "2008.09.06"]

1. c4 Nf6 2. g3 g6 3. Bg2 Bg7 4. Nc3 d6 5. d3 O-O 6. e4 Nbd7 7. Nge2 e5 8. O-O
a6 9. h3 Nc5 10. Be3 c6 11. f4 exf4 12. Nxf4 Ne6 13. Nfe2 Bd7 14. d4 Qc8 15.
Na4 Qc7 16. d5 Nc5 17. e5 Nfe4 18. exd6 Qxd6 19. dxc6 Nxa4 20. cxd7 Nxb2 21.
Qxd6 Nxd6 22. Bg5 f6 23. Bd5+ Kh8 24. Bf4 Nbxc4 25. Bxc4 Nxc4 26. Bc7 Ne3 27.
Rad1 f5 28. Nf4 Bf6 29. Ne6 Rg8 30. d8=Q Bxd8 31. Be5+ Rg7 32. Rxd8+ Rxd8 33.
Nxd8 Nxf1 34. Kxf1 Kg8 35. Bxg7 Kxg7 36. Nxb7 Kf6 37. Nc5 a5 38. a4 Ke5 39. Nb3
Kd5 40. Nxa5 Kc5 41. Nb3+ Kb4 42. a5 Kb5 43. Ke2 g5 44. Ke3 h5 45. h4 f4+ 46.
gxf4 gxh4 47. f5 h3 48. Kf3 h4 49. f6 h2 50. Kg2 1-0

[Event "Open Parla 2008"]
[Site "Parla ESP"]
[Date "2008.09.06"]
[Round "1.30"]
[White "Martinez-Villanueva Pelaez, Guzma"]
[Black "Gomez Peco, Pablo"]
[Result "0-1"]
[WhiteElo "1827"]
[BlackElo "2197"]
[PlyCount "124"]
[EventDate "2008.09.06"]
[EventType "swiss"]
[EventRounds "9"]
[EventCountry "AUT"]
[Source "lmi"]
[SourceDate "2008.09.06"]

1. e4 c6 2. d3 d5 3. Nd2 g6 4. Ngf3 Bg7 5. g3 e5 6. Bg2 Ne7 7. O-O O-O 8. Re1
Qc7 9. c3 f5 10. Qe2 Nd7 11. Ng5 Nc5 12. Ngf3 Nd7 13. Ng5 Qd6 14. Nb3 h6 15.
Nf3 b6 16. Nh4 Ba6 17. Qc2 fxe4 18. dxe4 g5 19. Nf3 Qg6 20. Nbd2 Nc5 21. Re3
dxe4 22. Nxe4 Nd5 23. Ne1 Nxe3 24. Bxe3 Nxe4 25. Bxe4 Qf6 26. Qa4 Bb5 27. Qb3+
Kh8 28. a4 Be2 29. Qc2 Bc4 30. a5 Rab8 31. axb6 axb6 32. Nd3 Bd5 33. Nb4 Bxe4
34. Qxe4 c5 35. Nd5 Qc6 36. c4 b5 37. Qc2 Rf7 38. Ra5 bxc4 39. Rxc5 Qb7 40. Bc1
Rd7 41. Qxc4 Bf8 42. Rc6 Qb5 43. Qxb5 Rxb5 44. Nf6 Rd6 45. Rxd6 Bxd6 46. Ne4
Bc7 47. Kg2 Rb3 48. h3 Kg7 49. Nc5 Rb5 50. Ne6+ Kf7 51. Nxc7 Rc5 52. Be3 Rxc7
53. h4 gxh4 54. Bxh6 hxg3 55. Kxg3 Rc2 56. b4 Rb2 57. Be3 Rxb4 58. Kg2 Ke6 59.
Bc5 Rc4 60. Be3 Kf5 61. Kf3 Rb4 62. Kg2 Ke4 0-1

[Event "Open Parla 2008"]
[Site "Parla ESP"]
[Date "2008.09.06"]
[Round "1.31"]
[White "Baigorri Navarro, Francisco Javie"]
[Black "Sierra Bermejo, Gregorio"]
[Result "1-0"]
[WhiteElo "2178"]
[BlackElo "1808"]
[PlyCount "81"]
[EventDate "2008.09.06"]
[EventType "swiss"]
[EventRounds "9"]
[EventCountry "AUT"]
[Source "lmi"]
[SourceDate "2008.09.06"]

1. Nf3 Nf6 2. c4 c5 3. g3 e6 4. Bg2 Be7 5. O-O O-O 6. d4 cxd4 7. Nxd4 Nc6 8.
Nc3 a6 9. e4 Qc7 10. Be3 d6 11. Rc1 Qa5 12. Nb3 Qh5 13. f3 e5 14. Nd5 Nxd5 15.
cxd5 Na7 16. Qd2 f5 17. Na5 fxe4 18. fxe4 Rxf1+ 19. Bxf1 Nb5 20. Nc4 Bg4 21. a4
Nd4 22. Bxd4 exd4 23. Qxd4 Rc8 24. Re1 b5 25. axb5 axb5 26. Ne3 Bf6 27. e5 Bxe5
28. Qxg4 Qxg4 29. Nxg4 Bxb2 30. Bxb5 Bd4+ 31. Nf2 Rc5 32. Bd7 Rc2 33. Rf1 g6
34. Kg2 Kg7 35. Kf3 h5 36. g4 Bxf2 37. Rxf2 Rc3+ 38. Kf4 Rc4+ 39. Kg5 Rd4 40.
Be6 hxg4 41. Rf7+ 1-0

[Event "Open Parla 2008"]
[Site "Parla ESP"]
[Date "2008.09.06"]
[Round "1.33"]
[White "Salcedo Tornero, Pablo"]
[Black "Martinez Miura, Enrique"]
[Result "1-0"]
[WhiteElo "2157"]
[BlackElo "1778"]
[PlyCount "75"]
[EventDate "2008.09.06"]
[EventType "swiss"]
[EventRounds "9"]
[EventCountry "AUT"]
[Source "lmi"]
[SourceDate "2008.09.06"]

1. e4 e6 2. f4 d5 3. e5 c5 4. Nf3 Nc6 5. d3 Bd7 6. Be3 Qb6 7. Qc1 Rc8 8. Na3 a6
9. c3 Qa5 10. Be2 b5 11. Nc2 Be7 12. O-O f6 13. d4 cxd4 14. Ncxd4 f5 15. Nxc6
Rxc6 16. Nd4 Rc8 17. g4 Nh6 18. gxf5 Nxf5 19. Nxf5 exf5 20. Bf3 Be6 21. Qd2 Rd8
22. Qf2 Qa4 23. Bb6 Rc8 24. Qg2 Qc4 25. Rad1 Bc5+ 26. Bxc5 Qxc5+ 27. Kh1 O-O
28. Bxd5 Bxd5 29. Qxd5+ Kh8 30. Qxc5 Rxc5 31. h4 h6 32. h5 Rc6 33. Rg1 Re8 34.
Rd7 Rg8 35. Rf7 b4 36. cxb4 Rc2 37. Rg2 Rc1+ 38. Kh2 1-0